000 00998nam a2200265Ia 4500
003 OSt
005 20220923211511.0
006 a|||||r|||| 00| 0
007 ta
008 220922b |||||||| |||| 00| 0 hin d
020 _a9789380146164 (hbk)
_c695
024 _a266,147
037 _b145, 30/08/2012, Eastern Book Linkers
_cTextual
040 _aARTS
_cARTS
_bhin
041 _2hin
_ahin
082 _aO152,6N11:g, Q1
100 _aतिवारी, विश्वनाथप्रसाद, संपा.
245 0 _aअज्ञेय सहचर
246 _aAjnyeya sahachara
260 _aनयी दिल्ली
_b किताबघर प्रकाशन
_c2011
300 _a479पृ.
_ccm.
650 _aहिन्दी साहित्य
_9156264
942 _hO152,6N11:g, Q1
_cTEXL
_2CC
999 _c300188
_d300188